Statistics for City to Country - Europe

Click here to take the quiz!

General Stats

  • This quiz has been taken 16 times
  • The average score is 21 of 44

Answer Stats

CityCountry% Correct
AalborgDenmark
93%
NeuchâtelSwitzerland
87%
LvivUkraine
87%
RostockGermany
80%
TrentoItaly
80%
GliwicePoland
80%
SwanseaUnited Kingdom
80%
XanthiGreece
73%
HammerfestNorway
73%
NorrköpingSweden
67%
BredaNetherlands
60%
CoimbraPortugal
60%
OviedoSpain
60%
KlagenfurtAustria
53%
BastiaFrance
53%
DroghedaIreland
53%
MontegiardinoSan Marino
53%
MechelenBelgium
47%
BurgasBulgaria
47%
LahtiFinland
47%
NarvaEstonia
40%
AkureyriIceland
40%
LiepājaLatvia
40%
TiraspolMoldova
40%
SamaraRussia
40%
GomelBelarus
33%
OsijekCroatia
33%
LiberecCzech Republic
33%
VeszprémHungary
33%
SchaanLiechtenstein
33%
KlaipėdaLithuania
33%
FontvieilleMonaco
33%
AradRomania
33%
KorçëAlbania
27%
TuzlaBosnia and Herzegovina
27%
DudelangeLuxembourg
27%
KragujevacSerbia
27%
ŽilinaSlovakia
27%
KoperSlovenia
27%
EncampAndorra
20%
GjakovaKosovo
20%
ŠtipMacedonia
20%
BirkirkaraMalta
20%
NikšićMontenegro
20%

Score Distribution

Percentile by Number Answered

Percent of People with Each Score

Your Score History

You have not taken this quiz